Edgar Poe / (Record no. 109267)

MARC details
000 -LEADER
campo de control de longitud fija 00562nam a2200181 4500
001 - NÚMERO DE CONTROL
campo de control 109267
003 - IDENTIFICADOR DE NÚMERO DE CONTROL
campo de control ES-MaACL
005 - FECHA Y HORA DE LA ÚLTIMA TRANSACCIÓN
campo de control 20230906184817.0
007 - CAMPO FIJO DE DESCRIPCIÓN FÍSICA--INFORMACIÓN GENERAL
campo de control de longitud fija t|
008 - DATOS DE LONGITUD FIJA--INFORMACIÓN GENERAL
campo de control de longitud fija 061121s1939 it r ||||1| eng d
100 1# - ENTRADA PRINCIPAL--NOMBRE DE PERSONA
Nombre de persona Olivero, Federico.
9 (RLIN) 86866
245 10 - MENCIÓN DEL TÍTULO
Título Edgar Poe /
Mención de responsabilidad, etc. by Federico Olivero ; traslated from the italian text by Dante Milani.
250 ## - MENCION DE EDICION
Mención de edición 2 nd Ed. With additions.
260 ## - PUBLICACIÓN, DISTRIBUCIÓN, ETC.
Lugar de publicación, distribución, etc. Torino :
Nombre del editor, distribuidor, etc. Societá Editrice Internazionale,
Fecha de publicación, distribución, etc. 1939.
300 ## - DESCRIPCIÓN FÍSICA
Extensión 488 p. :
Otras características físicas 26 cm.
700 1# - ENTRADA AGREGADA--NOMBRE PERSONAL
Nombre de persona Milani, Dante.
9 (RLIN) 81084
852 ## - LOCALIZACIÓN
Ubicación ES-MaACL
Número de control de estantería D-6887
Sublocalización o colección R.29572
Holdings
Estatus retirado Estado de pérdida Estado de daño No para préstamo Biblioteca de origen Biblioteca actual Ubicación en estantería Fecha de adquisición Fuente de adquisición Total de préstamos Signatura topográfica completa Código de barras Visto por última vez Precio de reemplazo Tipo de ítem Koha
        Biblioteca del Ateneo de Madrid Biblioteca del Ateneo de Madrid Sala Valle Inclán 17/01/2008     D-6887 901114012 23/02/2023 23/02/2023 Libro impreso